[Event "La Roda op 50th"]
[Site "La Roda"]
[Date "2024.03.29"]
[Round "5"]
[White "Xu, Xiangyu"]
[Black "Siddharth, Jagadeesh"]
[Result "1/2-1/2"]
[WhiteElo "2623"]
[BlackElo "2490"]
[PlyCount "30"]
[EventDate "2024.03.27"]
[EventType "swiss"]
[EventRounds "9"]
[EventCountry "ESP"]
[SourceTitle "CB14_2024"]
[SourceDate "2024.04.01"]
[SourceVersion "1"]
[SourceVersionDate "2024.04.01"]
[SourceQuality "1"]

1. d4 Nf6 2. Bg5 c5 3. Bxf6 gxf6 4. d5 Qb6 5. Qc1 f5 6. g3 d6 7. Bg2 Nd7 8. Nd2 Nf6 9. e3 Qa6 10. Ne2 b5 11. 0-0 Bb7 12. c4 bxc4 13. Nc3 Bg7 14. Qc2 0-0 15. b3 Ne4 1/2-1/2

[Event "Titled Tuesday intern op 12th Mar Early"]
[Site "Chess.com INT"]
[Date "2024.03.12"]
[Round "4"]
[White "Rogov, Matfey"]
[Black "Siddharth, Jagadeesh"]
[Result "0-1"]
[WhiteElo "2163"]
[BlackElo "2490"]
[PlyCount "104"]
[EventDate "2024.03.12"]
[EventType "swiss (blitz)"]
[EventRounds "11"]
[EventCountry "USA"]
[SourceTitle "CB12_2024"]
[SourceDate "2023.10.01"]
[SourceVersion "1"]
[SourceVersionDate "2023.10.01"]
[SourceQuality "1"]

1. e4 e6 2. d4 d5 3. Bd3 dxe4 4. Bxe4 Nf6 5. Bf3 c5 6. Ne2 Be7 7. Be3 0-0 8. Nbc3 cxd4 9. Qxd4 Nc6 10. Qxd8 Rxd8 11. Ng3 Ne5 12. Be2 Bd7 13. 0-0-0 Neg4 14. Bb5 Nxe3 15. fxe3 Bxb5 16. Nxb5 a6 17. Nd4 Nd5 18. e4 Ne3 19. Rd2 Nxg2 20. Kb1 Ne3 21. c3 Bf6 22. Re2 Nc4 23. Nf3 Rd3 24. Rf1 Ne5 25. Nd4 Ng4 26. Nh5 Bxd4 27. cxd4 g6 28. Nf4 Rxd4 29. h3 Ne5 30. Rc1 Rad8 31. a3 Rd1 32. Rxd1 Rxd1+ 33. Kc2 Rf1 34. Ng2 Nc6 35. Kc3 Rf3+ 36. Kc4 Rxh3 37. Nf4 Rh4 38. Nd3 Kg7 39. Kc5 h5 40. Kd6 Rh3 41. Nc5 Nd4 42. Rf2 Rf3 43. Rd2 Nb3 44. Nxb3 Rxb3 45. Ke7 h4 46. Rf2 f5 47. e5 Rb6 48. Rd2 h3 49. Rd6 Rxd6 50. exd6 h2 51. d7 h1Q 52. d8Q Qh4+ 0-1

[Event "Titled Tuesday intern op 12th Mar Early"]
[Site "Chess.com INT"]
[Date "2024.03.12"]
[Round "5"]
[White "Siddharth, Jagadeesh"]
[Black "Pichot, Alan"]
[Result "1/2-1/2"]
[WhiteElo "2490"]
[BlackElo "2644"]
[PlyCount "204"]
[EventDate "2024.03.12"]
[EventType "swiss (blitz)"]
[EventRounds "11"]
[EventCountry "USA"]
[SourceTitle "CB12_2024"]
[SourceDate "2023.10.01"]
[SourceVersion "1"]
[SourceVersionDate "2023.10.01"]
[SourceQuality "1"]

1. d4 Nf6 2. Nc3 d5 3. Bf4 c5 4. e3 cxd4 5. exd4 a6 6. Nf3 Nc6 7. Ne5 Bd7 8. Ne2 g6 9. Nxd7 Qxd7 10. c3 Bg7 11. Nc1 0-0 12. Be2 e6 13. 0-0 Ne4 14. Nd3 Rfc8 15. Bf3 Nd6 16. Qe2 b6 17. h4 h6 18. Bg4 Nf5 19. h5 g5 20. Bd2 Nce7 21. Ne5 Qb5 22. Qxb5 axb5 23. a3 Nd6 24. f4 Ne4 25. Bc1 f5 26. Be2 Bxe5 27. dxe5 Ng3 28. Re1 Nxe2+ 29. Rxe2 gxf4 30. Bxf4 Kh7 31. Be3 Rab8 32. Rf1 Rg8 33. Rf4 Nc6 34. Bf2 Rg5 35. a4 bxa4 36. Rxa4 Rxh5 37. Ra6 f4 38. Bxb6 Rc8 39. Bd4 Kg6 40. Bc5 Kf5 41. Bd6 d4 42. Rd2 dxc3 43. bxc3 Rg5 44. Kf2 Rcg8 45. Kf1 Rc8 46. Re2 h5 47. Ra4 Rg3 48. Rf2 Rg4 49. g3 Rxg3 50. Raxf4+ Kg5 51. Rf6 Rxc3 52. Rg2+ Kh4 53. Kg1 Rg3 54. Rxe6 Nd4 55. Rxg3 Kxg3 56. Rg6+ Kf3 57. e6 Re8 58. e7 Nf5 59. Rf6 Kg4 60. Ba3 Kg5 61. Rf8 Rxe7 62. Bxe7+ Nxe7 63. Kh2 Ng6 64. Rg8 Kf5 65. Kh3 Kg5 66. Kg3 Kf5 67. Ra8 h4+ 68. Kh3 Kg5 69. Ra5+ Kf6 70. Kg4 Ne5+ 71. Kxh4 Nf3+ 72. Kg3 Nd4 73. Kf4 Ne6+ 74. Ke4 Ng5+ 75. Kd5 Kf5 76. Ra1 Ne6 77. Rf1+ Nf4+ 78. Kd4 Kg5 79. Ke4 Ng6 80. Rg1+ Kf6 81. Rg4 Ne7 82. Rf4+ Ke6 83. Rh4 Nf5 84. Rg4 Nd6+ 85. Kf4 Kd5 86. Rg5+ Kd4 87. Rg8 Nc4 88. Rd8+ Kc5 89. Ke4 Nd6+ 90. Kd3 Nb5 91. Rc8+ Kd5 92. Rh8 Nd6 93. Rh5+ Kc6 94. Kd4 Nb5+ 95. Ke5 Kc5 96. Rh1 Nc3 97. Rc1 Kc4 98. Rh1 Kd3 99. Rh3+ Kc4 100. Rg3 Kb4 101. Kd4 Ne2+ 102. Kd3 Nxg3 1/2-1/2

[Event "Dhaka Elegant Aspirant 2nd"]
[Site "Dhaka"]
[Date "2024.02.26"]
[Round "8"]
[White "Siddharth, Jagadeesh"]
[Black "Setyaki, Azarya Jodi"]
[Result "1/2-1/2"]
[WhiteElo "2457"]
[BlackElo "2400"]
[PlyCount "61"]
[EventDate "2024.02.21"]
[EventType "tourn"]
[EventRounds "9"]
[EventCountry "BAN"]
[EventCategory "6"]
[SourceTitle "CB10_2024"]
[SourceDate "2024.03.06"]
[SourceVersion "1"]
[SourceVersionDate "2024.03.06"]
[SourceQuality "1"]

1. d4 d5 2. c4 Nc6 3. cxd5 Qxd5 4. e3 e5 5. Nc3 Bb4 6. Bd2 Bxc3 7. bxc3 Nf6 8. f3 Qd6 9. Bd3 0-0 10. Ne2 a5 11. 0-0 b6 12. Ng3 Ba6 13. Bxa6 Rxa6 14. f4 exd4 15. exd4 b5 16. f5 b4 17. Bf4 Qd8 18. cxb4 axb4 19. Kh1 Nxd4 20. Bxc7 Qxc7 21. Qxd4 Qa7 22. Qxb4 Rxa2 23. Rxa2 Qxa2 24. Ne4 Nxe4 25. Qxe4 Qa8 26. Qxa8 Rxa8 27. h3 f6 28. Rb1 h5 29. Rb4 Ra5 30. g4 hxg4 31. hxg4 1/2-1/2

[Event "Dhaka Elegant Aspirant 2nd"]
[Site "Dhaka"]
[Date "2024.02.25"]
[Round "7"]
[White "Panesar, Vedant"]
[Black "Siddharth, Jagadeesh"]
[Result "1-0"]
[WhiteElo "2444"]
[BlackElo "2457"]
[PlyCount "107"]
[EventDate "2024.02.21"]
[EventType "tourn"]
[EventRounds "9"]
[EventCountry "BAN"]
[EventCategory "6"]
[SourceTitle "CB10_2024"]
[SourceDate "2024.03.06"]
[SourceVersion "1"]
[SourceVersionDate "2024.03.06"]
[SourceQuality "1"]

1. e4 e6 2. d4 d5 3. Nc3 dxe4 4. Nxe4 Nd7 5. Nf3 Ngf6 6. Nxf6+ Nxf6 7. c3 Be7 8. Bd3 c5 9. Qe2 0-0 10. Bf4 cxd4 11. Nxd4 Qa5 12. 0-0 Qh5 13. Rad1 Bd7 14. h3 Rfd8 15. Bc7 Rdc8 16. Qxh5 Nxh5 17. Bh2 Nf6 18. Be2 Bc5 19. Bf3 Bxd4 20. Rxd4 Bc6 21. Bxc6 Rxc6 22. Rfd1 Kf8 23. c4 Rac8 24. b3 Ke8 25. g4 h6 26. Kg2 a6 27. a4 b5 28. cxb5 axb5 29. axb5 Rb6 30. Rc4 Ra8 31. Be5 Rxb5 32. Bxf6 gxf6 33. Rc7 h5 34. Rdd7 hxg4 35. Re7+ Kd8 36. hxg4 f5 37. Rxf7 fxg4 38. Rfd7+ Ke8 39. Rh7 Rf5 40. Rb7 g3 41. fxg3 e5 42. g4 Rf8 43. g5 e4 44. Kg3 e3 45. Rbe7+ Kd8 46. Rxe3 Ra1 47. Kg4 Rg8 48. Rd3+ Ke8 49. Re3+ Kf8 50. Rf3+ Ke8 51. Rg3 Kd8 52. Rb7 Kc8 53. Rf7 Ra6 54. Rgf3 1-0

[Event "Dhaka Elegant Aspirant 2nd"]
[Site "Dhaka"]
[Date "2024.02.21"]
[Round "1"]
[White "Siddharth, Jagadeesh"]
[Black "Mohammad Fahad, Rahman"]
[Result "1-0"]
[WhiteElo "2457"]
[BlackElo "2418"]
[PlyCount "53"]
[EventDate "2024.02.21"]
[EventType "tourn"]
[EventRounds "9"]
[EventCountry "BAN"]
[EventCategory "6"]
[SourceTitle "CB10_2024"]
[SourceDate "2024.03.06"]
[SourceVersion "1"]
[SourceVersionDate "2024.03.06"]
[SourceQuality "1"]

1. d4 d5 2. Nf3 Nf6 3. e3 e6 4. Bd3 c5 5. b3 cxd4 6. exd4 Bd6 7. 0-0 0-0 8. c4 b6 9. Nc3 dxc4 10. bxc4 Bb7 11. Bg5 Be7 12. Re1 Nc6 13. Rc1 Rc8 14. Bb1 Re8 15. d5 exd5 16. Bf5 Ra8 17. Nxd5 Nxd5 18. cxd5 Bxg5 19. Rxe8+ Qxe8 20. Nxg5 Nb4 21. Bxh7+ Kf8 22. Qh5 Rc8 23. Rf1 Rc5 24. Bg6 Bxd5 25. Qh8+ Ke7 26. Re1+ Be6 27. Rxe6+ 1-0

[Event "Dhaka Global Aspirant"]
[Site "Dhaka"]
[Date "2024.02.15"]
[Round "4"]
[White "Siddharth, Jagadeesh"]
[Black "Aradhya, Garg"]
[Result "1-0"]
[WhiteElo "2457"]
[BlackElo "2392"]
[PlyCount "123"]
[EventDate "2024.02.13"]
[EventType "tourn"]
[EventRounds "9"]
[EventCountry "BAN"]
[EventCategory "6"]
[SourceTitle "CB08_2024"]
[SourceDate "2024.02.21"]
[SourceVersion "1"]
[SourceVersionDate "2024.02.21"]
[SourceQuality "1"]

1. d4 d5 2. Nc3 Nf6 3. Bf4 c5 4. e3 Bg4 5. f3 Bd7 6. dxc5 Nc6 7. a3 e6 8. Nb5 e5 9. Bg5 a6 10. Nd6+ Bxd6 11. cxd6 Be6 12. Ne2 Qxd6 13. c4 d4 14. Qd3 e4 15. fxe4 Ne5 16. Qxd4 Nxe4 17. Nc3 Qxd4 18. exd4 Nxc3 19. dxe5 Ne4 20. Be3 Rc8 21. Rc1 0-0 22. Be2 Rfd8 23. 0-0 Rd7 24. Rfd1 Rxd1+ 25. Rxd1 h5 26. Bf3 Bg4 27. Bxg4 hxg4 28. Rd4 Nc5 29. Rxg4 Nd3 30. Bh6 Kh7 31. Bd2 Nxb2 32. e6 fxe6 33. Bc3 Nxc4 34. Rxg7+ Kh6 35. Rxb7 Nxa3 36. Bd2+ Kg6 37. Rb6 Nc4 38. Rxe6+ Kf5 39. Re2 Nxd2 40. Rxd2 Rc1+ 41. Kf2 Ra1 42. Kg3 a5 43. Kh4 a4 44. Kh5 a3 45. g4+ Kf4 46. g5 Rb1 47. Rd4+ Kf5 48. Ra4 Rb3 49. h4 Re3 50. Ra5+ Kf4 51. Kg6 Rb3 52. Kh6 Kg4 53. h5 Rb8 54. Rxa3 Rh8+ 55. Kg7 Rxh5 56. g6 Rb5 57. Kh7 Rh5+ 58. Kg8 Rb5 59. g7 Rc5 60. Ra4+ Kg3 61. Kh7 Rc7 62. Kh8 1-0

[Event "Dhaka Global Aspirant"]
[Site "Dhaka"]
[Date "2024.02.13"]
[Round "1"]
[White "Siddharth, Jagadeesh"]
[Black "Panesar, Vedant"]
[Result "1-0"]
[WhiteElo "2457"]
[BlackElo "2444"]
[PlyCount "59"]
[EventDate "2024.02.13"]
[EventType "tourn"]
[EventRounds "9"]
[EventCountry "BAN"]
[EventCategory "6"]
[SourceTitle "CB08_2024"]
[SourceDate "2024.02.21"]
[SourceVersion "1"]
[SourceVersionDate "2024.02.21"]
[SourceQuality "1"]

1. d4 Nf6 2. Nc3 d5 3. Bf4 e6 4. Nb5 Bb4+ 5. c3 Ba5 6. e3 0-0 7. Nf3 a6 8. Na3 Qe7 9. Nb1 Nh5 10. Bg5 f6 11. Bh4 g5 12. g4 gxh4 13. gxh5 Nc6 14. Nbd2 Bd7 15. Qc2 f5 16. 0-0-0 Kh8 17. Rg1 Be8 18. h6 Qf6 19. Ng5 Bh5 20. Re1 Qxh6 21. f4 Qf6 22. Be2 Bxe2 23. Rxe2 h6 24. Reg2 hxg5 25. Rxg5 Rf7 26. Rg6 Qe7 27. Nf3 Rh7 28. Ng5 Rg7 29. Rh6+ Kg8 30. Qd1 1-0

[Event "Arandjelovac ASK-15 GM"]
[Site "Arandjelovac"]
[Date "2023.12.23"]
[Round "8"]
[White "Enkhnar, Enkhbaatar"]
[Black "Siddharth, Jagadeesh"]
[Result "1/2-1/2"]
[WhiteElo "2327"]
[BlackElo "2447"]
[PlyCount "61"]
[EventDate "2023.12.18"]
[EventType "tourn"]
[EventRounds "9"]
[EventCountry "SRB"]
[EventCategory "6"]
[SourceTitle "CB52_2023"]
[SourceDate "2023.12.27"]
[SourceVersion "1"]
[SourceVersionDate "2023.12.27"]
[SourceQuality "1"]

1. d4 Nf6 2. c4 g6 3. g3 Bg7 4. Bg2 0-0 5. Nc3 d6 6. Nf3 Nbd7 7. 0-0 e5 8. dxe5 dxe5 9. b3 e4 10. Nd4 Re8 11. Bb2 e3 12. f3 c6 13. Nc2 Qc7 14. Qc1 h5 15. Nxe3 h4 16. f4 hxg3 17. hxg3 Nh5 18. Rf3 Nc5 19. Ncd1 Bxb2 20. Nxb2 Ne4 21. Nf1 Qb6+ 22. Re3 Bf5 23. Bxe4 Rxe4 24. Na4 Qd4 25. Qc3 Qxc3 26. Nxc3 Rxe3 27. Nxe3 Nxg3 28. Kf2 Re8 29. Nxf5 Nxf5 30. e4 Ng7 31. Rd1 1/2-1/2

[Event "Arandjelovac ASK-15 GM"]
[Site "Arandjelovac"]
[Date "2023.12.22"]
[Round "7"]
[White "Siddharth, Jagadeesh"]
[Black "Atalik, Suat"]
[Result "1/2-1/2"]
[WhiteElo "2447"]
[BlackElo "2453"]
[PlyCount "77"]
[EventDate "2023.12.18"]
[EventType "tourn"]
[EventRounds "9"]
[EventCountry "SRB"]
[EventCategory "6"]
[SourceTitle "CB52_2023"]
[SourceDate "2023.12.27"]
[SourceVersion "1"]
[SourceVersionDate "2023.12.27"]
[SourceQuality "1"]

1. e4 c5 2. Nf3 d6 3. Bb5+ Nd7 4. a4 Ngf6 5. Nc3 a6 6. Be2 g6 7. a5 Bg7 8. 0-0 0-0 9. d3 b5 10. axb6 Nxb6 11. Qd2 a5 12. Qf4 Ng4 13. h3 Ne5 14. Qh4 Nxf3+ 15. Bxf3 Ra6 16. Bh6 e6 17. Qxd8 Rxd8 18. Bxg7 Kxg7 19. Rfd1 e5 20. Bg4 Bb7 21. Ra3 Bc6 22. Rda1 Rda8 23. b3 h5 24. Be2 R6a7 25. Nd1 h4 26. Ne3 Kf6 27. c3 Ke7 28. Bd1 Bb5 29. Bc2 Bd7 30. Nc4 Nxc4 31. dxc4 Be6 32. Bd3 Rb8 33. Bc2 f5 34. Rxa5 Rxa5 35. Rxa5 fxe4 36. Ra7+ Kf6 37. Ra6 Ke7 38. Ra7+ Kf6 39. Ra6 1/2-1/2

[Event "Arandjelovac ASK-15 GM"]
[Site "Arandjelovac"]
[Date "2023.12.20"]
[Round "3"]
[White "Lux, Hugo de Melo"]
[Black "Siddharth, Jagadeesh"]
[Result "0-1"]
[WhiteElo "2311"]
[BlackElo "2447"]
[PlyCount "106"]
[EventDate "2023.12.18"]
[EventType "tourn"]
[EventRounds "9"]
[EventCountry "SRB"]
[EventCategory "6"]
[SourceTitle "CB52_2023"]
[SourceDate "2023.12.27"]
[SourceVersion "1"]
[SourceVersionDate "2023.12.27"]
[SourceQuality "1"]

1. e4 e6 2. d4 d5 3. Nc3 Nf6 4. e5 Nfd7 5. Nce2 c5 6. c3 Nc6 7. Nf3 Be7 8. a3 cxd4 9. cxd4 b5 10. Nf4 Qa5+ 11. Bd2 Qb6 12. Be3 b4 13. h4 bxa3 14. bxa3 Bxa3 15. Bd3 Bb4+ 16. Kf1 h6 17. Rh3 a5 18. Kg1 Ba6 19. Bc2 g6 20. Nh2 Be7 21. Rb1 Nb4 22. Bxg6 fxg6 23. Nxg6 Rh7 24. Qh5 0-0-0 25. Nxe7+ Rxe7 26. Qxh6 Rg8 27. Nf3 Bd3 28. Rc1+ Kb7 29. Ng5 Bf5 30. Rg3 Ra8 31. Qh5 Nd3 32. Rf1 Nb2 33. Nf7 Nc4 34. Bg5 Ree8 35. Nd6+ Nxd6 36. exd6 Qxd6 37. Rb3+ Nb6 38. Rc1 Rec8 39. Rc5 Rxc5 40. dxc5 Qxc5 41. g4 a4 42. Qf7+ Ka6 43. Rxb6+ Qxb6 44. gxf5 Qb1+ 45. Kh2 Qxf5 46. Qd7 Qxf2+ 47. Kh3 Qf3+ 48. Kh2 Qe2+ 49. Kg3 Qd3+ 50. Kf2 Qc2+ 51. Kg3 Rc8 52. Qxe6+ Rc6 53. Qxd5 Qb3+ 0-1

[Event "Arandjelovac ASK-14 GM"]
[Site "Arandjelovac"]
[Date "2023.12.15"]
[Round "6"]
[White "Siddharth, Jagadeesh"]
[Black "Enkhnar, Enkhbaatar"]
[Result "1-0"]
[WhiteElo "2447"]
[BlackElo "2327"]
[PlyCount "73"]
[EventDate "2023.12.11"]
[EventType "tourn"]
[EventRounds "9"]
[EventCountry "SRB"]
[EventCategory "6"]
[SourceTitle "CB51_2023"]
[SourceDate "2023.12.20"]
[SourceVersion "1"]
[SourceVersionDate "2023.12.20"]
[SourceQuality "1"]

1. e4 c5 2. Nf3 Nc6 3. d4 cxd4 4. Nxd4 Qc7 5. c4 Nf6 6. Nc3 Nxe4 7. Nxe4 Qe5 8. Nb5 Qxe4+ 9. Be2 Qe5 10. g3 Qb8 11. 0-0 d6 12. Re1 e5 13. b3 a6 14. Nc3 Be6 15. Nd5 Qd8 16. Be3 Bxd5 17. Qxd5 Be7 18. Rab1 0-0 19. b4 Bg5 20. Bxg5 Qxg5 21. Qxd6 Rad8 22. Qc7 Rd2 23. Qxb7 Qg6 24. Rbd1 Rxa2 25. Ra1 Rxa1 26. Rxa1 Nd4 27. Bf1 Qg4 28. Bg2 Ne2+ 29. Kh1 Qxc4 30. Qxa6 Qd4 31. b5 h5 32. b6 Nc3 33. Rf1 e4 34. b7 Qd5 35. h4 Rb8 36. Rc1 Qd2 37. Qa1 1-0

[Event "Sant Boi de Llobregat op 4th"]
[Site "Sant Boi de Llobregat"]
[Date "2023.12.07"]
[Round "8"]
[White "Siddharth, Jagadeesh"]
[Black "Wong, Zhenyong Jayden"]
[Result "1/2-1/2"]
[WhiteElo "2447"]
[BlackElo "2402"]
[PlyCount "47"]
[EventDate "2023.11.30"]
[EventType "swiss"]
[EventRounds "9"]
[EventCountry "ESP"]
[SourceTitle "CB50_2023"]
[SourceDate "2023.12.13"]
[SourceVersion "1"]
[SourceVersionDate "2023.12.13"]
[SourceQuality "1"]

1. d4 Nf6 2. Nc3 d5 3. Bf4 g6 4. e3 Bg7 5. h4 0-0 6. h5 c5 7. hxg6 hxg6 8. Qd2 Nc6 9. Bh6 Bxh6 10. Rxh6 Kg7 11. Rh1 cxd4 12. exd4 Rh8 13. Rxh8 Qxh8 14. 0-0-0 Qh2 15. Nf3 Qh6 16. Qxh6+ Kxh6 17. Bb5 Nd8 18. Ne5 Kg7 19. f3 Ne6 20. a4 a6 21. Bf1 b6 22. g3 Bb7 23. Bh3 Ng5 24. Bg2 1/2-1/2

[Event "Sant Boi de Llobregat op 4th"]
[Site "Sant Boi de Llobregat"]
[Date "2023.12.06"]
[Round "7"]
[White "Shirov, Alexei"]
[Black "Siddharth, Jagadeesh"]
[Result "1-0"]
[WhiteElo "2668"]
[BlackElo "2447"]
[PlyCount "69"]
[EventDate "2023.11.30"]
[EventType "swiss"]
[EventRounds "9"]
[EventCountry "ESP"]
[SourceTitle "CB50_2023"]
[SourceDate "2023.12.13"]
[SourceVersion "1"]
[SourceVersionDate "2023.12.13"]
[SourceQuality "1"]

1. e4 e6 2. d4 d5 3. e5 c5 4. c3 Nc6 5. Nf3 Bd7 6. Be2 cxd4 7. cxd4 Nge7 8. 0-0 Nf5 9. Nc3 a6 10. g4 Nh4 11. Nxh4 Qxh4 12. Be3 Na5 13. f4 Bb4 14. f5 Nc4 15. Bxc4 dxc4 16. d5 Bxc3 17. bxc3 h5 18. fxe6 fxe6 19. d6 Bc6 20. Rf4 hxg4 21. Qc2 0-0-0 22. Rxc4 Rdf8 23. Rxc6+ bxc6 24. d7+ Kc7 25. Qd2 Qh7 26. Bg5 g3 27. h4 Qf5 28. Rd1 Kb7 29. Qb2+ Kc7 30. Qd2 Kb7 31. Qb2+ Kc7 32. Be3 Rb8 33. Qa3 Qxe5 34. Bc5 Kb7 35. Qa5 1-0

[Event "US Masters op"]
[Site "Charlotte"]
[Date "2023.11.24"]
[Round "4"]
[White "Bellahcene, Bilel"]
[Black "Siddharth, Jagadeesh"]
[Result "1/2-1/2"]
[WhiteElo "2502"]
[BlackElo "2438"]
[PlyCount "29"]
[EventDate "2023.11.22"]
[EventType "swiss"]
[EventRounds "9"]
[EventCountry "USA"]
[SourceTitle "CB48_2023"]
[SourceDate "2023.11.29"]
[SourceVersion "1"]
[SourceVersionDate "2023.11.29"]
[SourceQuality "1"]

1. e4 e6 2. d4 d5 3. Nc3 Nf6 4. e5 Nfd7 5. f4 c5 6. Nf3 Nc6 7. Be3 Be7 8. a3 Qb6 9. Na4 Qa5+ 10. Nc3 Qb6 11. Be2 0-0 12. 0-0 cxd4 13. Nxd4 Nxd4 14. Bxd4 Bc5 15. Kh1 1/2-1/2

[Event "Charlotte CCCSA Fall GM-A"]
[Site "Charlotte"]
[Date "2023.11.19"]
[Round "5"]
[White "Siddharth, Jagadeesh"]
[Black "Corrales Jimenez, Fidel"]
[Result "1/2-1/2"]
[WhiteElo "2438"]
[BlackElo "2525"]
[PlyCount "121"]
[EventDate "2023.11.17"]
[EventType "tourn"]
[EventRounds "9"]
[EventCountry "USA"]
[EventCategory "8"]
[SourceTitle "CB48_2023"]
[SourceDate "2023.11.29"]
[SourceVersion "1"]
[SourceVersionDate "2023.11.29"]
[SourceQuality "1"]

1. d4 Nf6 2. Nc3 d5 3. Bf4 c6 4. e3 g6 5. h3 Bg7 6. Nf3 Nbd7 7. Be2 a5 8. a4 0-0 9. 0-0 Nb6 10. Bd3 Bf5 11. Re1 Rc8 12. e4 dxe4 13. Nxe4 Bxe4 14. Bxe4 Nxe4 15. Rxe4 Nd5 16. Be5 b5 17. c3 b4 18. Bxg7 Kxg7 19. c4 Nf6 20. Re3 e6 21. Qe2 Qc7 22. Rd1 c5 23. b3 Rcd8 24. Red3 cxd4 25. Nxd4 Rde8 26. Nb5 Qc5 27. Qf3 Re7 28. Nd6 Ne8 29. Qf4 Nxd6 30. Qxd6 Rc8 31. Qxc5 Rxc5 32. Rd7 Kf6 33. f3 h5 34. h4 g5 35. hxg5+ Rxg5 36. Kf2 Re8 37. Rd8 Rxd8 38. Rxd8 Ke5 39. g3 Rg7 40. c5 f6 41. Ke3 Rxg3 42. c6 Rg7 43. Rd7 Rg1 44. Kd2 Rg8 45. Ra7 h4 46. Rxa5+ Kf4 47. Rb5 h3 48. Rxb4+ Kxf3 49. Rh4 Kg3 50. Rh6 Rc8 51. Rg6+ Kh4 52. Rxf6 Rxc6 53. Rh6+ Kg3 54. Rg6+ Kf3 55. Rh6 Kg3 56. Rg6+ Kh4 57. Rh6+ Kg4 58. Rg6+ Kh4 59. Rh6+ Kg4 60. Rg6+ Kh5 61. Rg1 1/2-1/2

[Event "Charlotte CCCSA Fall GM-A"]
[Site "Charlotte"]
[Date "2023.11.18"]
[Round "4"]
[White "Mardov, Dimitar"]
[Black "Siddharth, Jagadeesh"]
[Result "1-0"]
[WhiteElo "2455"]
[BlackElo "2438"]
[PlyCount "127"]
[EventDate "2023.11.17"]
[EventType "tourn"]
[EventRounds "9"]
[EventCountry "USA"]
[EventCategory "8"]
[SourceTitle "CB48_2023"]
[SourceDate "2023.11.29"]
[SourceVersion "1"]
[SourceVersionDate "2023.11.29"]
[SourceQuality "1"]

1. d4 Nf6 2. c4 g6 3. Nc3 Bg7 4. e4 d6 5. Bd3 0-0 6. Nge2 Nc6 7. 0-0 Nd7 8. Bc2 e5 9. d5 Nd4 10. Nxd4 exd4 11. Ne2 Ne5 12. Nxd4 Nxc4 13. Rb1 Re8 14. h3 c5 15. dxc6 bxc6 16. Nxc6 Qb6 17. Re1 Ba6 18. b3 Qxc6 19. bxc4 Qxc4 20. Bb3 Qd3 21. Ba3 Rad8 22. Re3 Qxd1+ 23. Rxd1 Bb7 24. Rf3 Re7 25. Rxd6 Rxd6 26. Bxd6 Rd7 27. Ba3 Bd4 28. Ba4 Rd8 29. Bc2 Bb6 30. Rc3 Re8 31. Rc4 Ba6 32. Rc3 Bb7 33. Bb2 Bd4 34. Rc7 Bxb2 35. Rxb7 Bd4 36. Bb3 Rxe4 37. Rxf7 Kh8 38. g3 Bc5 39. Kg2 Re7 40. Rf4 Kg7 41. h4 Bb6 42. g4 h6 43. g5 hxg5 44. hxg5 Rd7 45. Re4 Bc5 46. Re5 Bb6 47. f4 Rd2+ 48. Kf3 Rd3+ 49. Ke2 Rd7 50. Re8 Bc5 51. Rc8 Bb6 52. Rc6 Re7+ 53. Kf3 Re3+ 54. Kg4 Re1 55. Bc2 Rg1+ 56. Kf3 Rf1+ 57. Kg3 Rg1+ 58. Kh3 Rh1+ 59. Kg2 Rg1+ 60. Kf3 Rf1+ 61. Kg3 Rg1+ 62. Kh2 Rg4 63. Rxg6+ Kh8 64. f5 1-0

[Event "Charlotte CCCSA Fall GM-A"]
[Site "Charlotte"]
[Date "2023.11.17"]
[Round "2"]
[White "Gauri, Shankar"]
[Black "Siddharth, Jagadeesh"]
[Result "1/2-1/2"]
[WhiteElo "2351"]
[BlackElo "2438"]
[PlyCount "59"]
[EventDate "2023.11.17"]
[EventType "tourn"]
[EventRounds "9"]
[EventCountry "USA"]
[EventCategory "8"]
[SourceTitle "CB48_2023"]
[SourceDate "2023.11.29"]
[SourceVersion "1"]
[SourceVersionDate "2023.11.29"]
[SourceQuality "1"]

1. Nf3 Nf6 2. g3 g6 3. Bg2 Bg7 4. 0-0 0-0 5. d4 d6 6. Re1 Nbd7 7. e4 e5 8. Nc3 Re8 9. Be3 c6 10. h3 b5 11. a3 Qc7 12. Qd2 a5 13. dxe5 dxe5 14. Red1 Rb8 15. Nh4 Nb6 16. b3 Be6 17. Bh6 Qe7 18. Bxg7 Kxg7 19. Qd6 Qxd6 20. Rxd6 Rec8 21. f4 Ne8 22. Rd2 Rd8 23. Rad1 Rxd2 24. Rxd2 exf4 25. gxf4 f6 26. Nf3 b4 27. axb4 axb4 28. Nd1 c5 29. Ne3 c4 30. bxc4 1/2-1/2

[Event "Charlotte CCCSA Fall GM-A"]
[Site "Charlotte"]
[Date "2023.11.17"]
[Round "1"]
[White "Siddharth, Jagadeesh"]
[Black "Chen, Ryo"]
[Result "1-0"]
[WhiteElo "2438"]
[BlackElo "2367"]
[PlyCount "59"]
[EventDate "2023.11.17"]
[EventType "tourn"]
[EventRounds "9"]
[EventCountry "USA"]
[EventCategory "8"]
[SourceTitle "CB48_2023"]
[SourceDate "2023.11.29"]
[SourceVersion "1"]
[SourceVersionDate "2023.11.29"]
[SourceQuality "1"]

1. d4 Nf6 2. Bf4 g6 3. Nc3 d5 4. e3 Bg7 5. Nb5 Na6 6. Nc3 Nb8 7. h4 c6 8. Be2 h5 9. Nf3 0-0 10. Ne5 Nbd7 11. f3 Qb6 12. Rb1 Nxe5 13. Bxe5 Nd7 14. Bxg7 Kxg7 15. g4 hxg4 16. fxg4 Qc7 17. g5 e5 18. h5 Qd8 19. Rg1 gxh5 20. Bxh5 Qe7 21. Kf2 Rh8 22. Rh1 Nf8 23. Qf3 exd4 24. exd4 Ne6 25. Rbe1 Bd7 26. Re5 Rag8 27. Ne2 Kf8 28. Bxf7 Rxh1 29. Bxe6+ Kg7 30. Bxg8 1-0

[Event "Budapest SixDays 09 GM-B"]
[Site "Budapest"]
[Date "2023.09.22"]
[Round "8"]
[White "Palczert, Matyas"]
[Black "Siddharth, Jagadeesh"]
[Result "0-1"]
[WhiteElo "2344"]
[BlackElo "2391"]
[PlyCount "108"]
[EventDate "2023.09.18"]
[EventType "tourn"]
[EventRounds "9"]
[EventCountry "HUN"]
[EventCategory "6"]
[SourceTitle "EXT 2024"]
[Source "ChessBase"]
[SourceDate "2023.10.10"]
[SourceVersion "1"]
[SourceVersionDate "2023.10.10"]
[SourceQuality "1"]

1. e4 c5 2. Nf3 d6 3. Bb5+ Bd7 4. Bxd7+ Nxd7 5. 0-0 Ngf6 6. Qe2 e6 7. d4 cxd4 8. Nxd4 Be7 9. c4 Qa5 10. Rd1 a6 11. b3 Rc8 12. Bb2 Qh5 13. Qxh5 Nxh5 14. Nc3 Rg8 15. Rac1 g5 16. Nde2 g4 17. Rc2 Nc5 18. Ba3 Nf6 19. Bxc5 Rxc5 20. Nc1 b5 21. Nd3 Rc8 22. e5 dxe5 23. Nxe5 Rg5 24. Re2 Rc5 25. f4 gxf3 26. Nxf3 Rh5 27. Ne4 Rc6 28. Ng3 Rhc5 29. Ne5 Rd6 30. Rf1 bxc4 31. Nxc4 Rd3 32. Ne4 Nxe4 33. Rxe4 Rcd5 34. Kf2 Rc3 35. Kg1 Rc2 36. Rg4 Bc5+ 37. Kh1 Rxa2 38. h4 Rf2 39. Ra1 h5 40. Rg5 Rf4 41. g3 Rxg5 42. hxg5 Rf3 43. Ra5 Bd4 44. Rxa6 Rxg3 45. b4 Rxg5 46. b5 Kf8 47. b6 Rg1+ 48. Kh2 Rb1 49. Kg2 Rb4 50. Ra8+ Kg7 51. Rc8 Bxb6 52. Nd6 Rd4 53. Nc4 Bd8 54. Ne5 Bf6 0-1